عرض عادي عرض مارك
  • Active server pages.

مدخل عنوان موحد

عدد التسجيلات المستخدمة في: 3

001 - رقم الضبط

  • حقل الضبط: 8749

003 - معرف رقم الضبط

  • حقل الضبط: OSt

005 - تاريخ ووقت أخر عملية

  • حقل الضبط: 20111220160621.0

008 - عناصر بيانات ثابتة الطول

  • حقل تحكم ثابت الطول: 111220|||a|||||| | ||| d

040 ## - مصدر الفهرسة

  • هيئة الفهرسة الأصلية: OSt
  • وكالة الكتابة: OSt

130 ## - مدخل -- اسم مؤتمر

  • العنوان الموحد: Active server pages.

670 ## - بيانات المصدر موجوده

  • الاستشهاد بالمصدر: Work cat.: (OSt)3712: Maharry, Daniel. 8747, Beginning VB.NET 1.1 databases :, c2005.